Vybrané časti stavebno-technologickej prípravy stavby : BRATISLAVA - RUŽINOV - AREÁL OMNIA 2000
Uložené v:
| Hlavný autor: | |
|---|---|
| Ďalší autori: | |
| Médium: | Rukopis Kniha |
| Jazyk: | Slovak |
| Vydavateľské údaje: |
2016
|
| Predmet: | |
| On-line prístup: | http://is.stuba.sk/zp/portal_zp.pl?podrobnosti=112754 https://opac.crzp.sk/?fn=detailBiblioForm&sid=78283B71680DBAF2154BD21D22D4 |
| Tagy: |
Žiadne tagy, Buďte prvý, kto otaguje tento záznam!
|
MARC
| LEADER | 00000ntm a22000003a 4500 | ||
|---|---|---|---|
| 001 | stuzp51846 | ||
| 003 | SK-STU | ||
| 005 | 20231114084959.4 | ||
| 007 | ta | ||
| 008 | 150427s2015----xo-----f-mn---000-0-slo-d | ||
| 040 | |a STU |b slo | ||
| 041 | 0 | |a slo | |
| 100 | 1 | |a Tarčák, Lukáš |u 010270 |4 aut |U SvF Stavebná fakulta |T SvF Katedra technológie stavieb |X 67634 |U V270 |Y 28 |7 A000067634 | |
| 242 | 0 | 1 | |a Areal Omnia 2000 |y eng |
| 245 | 1 | 0 | |a Vybrané časti stavebno-technologickej prípravy stavby : BRATISLAVA - RUŽINOV - AREÁL OMNIA 2000 |
| 260 | |c 2016 | ||
| 650 | 4 | |a realizácie |2 slo | |
| 650 | 4 | |a areál |2 slo | |
| 650 | 4 | |a dministratívny |2 slo | |
| 650 | 4 | |a administration |2 eng | |
| 650 | 4 | |a building |2 eng | |
| 650 | 4 | |a construction |2 eng | |
| 700 | 1 | |a Briatka, Peter |u 010270 |k Z8 |4 ths |U SvF Stavebná fakulta |T SvF Katedra technológie stavieb |X 23787 |U V270 |Y 28 |7 A000023787 | |
| 856 | 4 | |u http://is.stuba.sk/zp/portal_zp.pl?podrobnosti=112754 | |
| 856 | 4 | |u https://opac.crzp.sk/?fn=detailBiblioForm&sid=78283B71680DBAF2154BD21D22D4 | |
| SQL | |a stuzp51846 |b DDP |c SLO |d Vybrané časti stavebno-technologickej prípravy stavby : BRATISLAVA - RUŽINOV - AREÁL OMNIA 2000 |e 67634 |f Tarčák, Lukáš |g 010270 |h 23787 |i Briatka, Peter |j 20160615 |k 681 |l 01 |m http://is.stuba.sk/zp/portal_zp.pl?podrobnosti=112754 |n I-TS |o 5.2.8. stavebníctvo | ||